Thanksgiving Foods - Statistics

General Stats
  • This quiz has been taken 1,143 times
  • The average score is 9 of 15
Answer Stats
Hint Answer % Correct
The main meat you will eat Turkey
99%
Berry on most thanksgiving foods Cranberry
88%
Sauce you will put on the food mentioned above Gravy
88%
Made of bread, gravy, onion, celery, and many other items Stuffing
82%
Sort of like a yam Sweet Potato
73%
Bread containing cornmeal Cornbread
66%
Orange vegetable Carrot
65%
Probably the most popular dessert Pie
65%
Very creamy starch Mashed Potatoes
62%
A pumpkin is a type of this Squash
50%
Bread you might eat Roll
48%
Chicken stuffed in a duck, further stuffed into a turkey Turducken
40%
Green vegetable that is typically around 4-7 inches long Asparagus
33%
At the beginning of the meal, you might eat a type of this liquid (Hint: not a beverage) Soup
32%
Some people like this part of the turkey the most Drumstick
26%
No matching quizzes found
Score Distribution
Percent of People with Each Score
Percentile by Number Answered
Your Score History
You have not taken this quiz